|
|
|
|
| LEADER |
02978nam a2200433 4500 |
| 001 |
978-1-4842-3781-6 |
| 003 |
DE-He213 |
| 005 |
20191220130541.0 |
| 007 |
cr nn 008mamaa |
| 008 |
180830s2018 xxu| s |||| 0|eng d |
| 020 |
|
|
|a 9781484237816
|9 978-1-4842-3781-6
|
| 024 |
7 |
|
|a 10.1007/978-1-4842-3781-6
|2 doi
|
| 040 |
|
|
|d GrThAP
|
| 050 |
|
4 |
|a QA76.6-76.66
|
| 072 |
|
7 |
|a UMW
|2 bicssc
|
| 072 |
|
7 |
|a COM060160
|2 bisacsh
|
| 072 |
|
7 |
|a UMW
|2 thema
|
| 082 |
0 |
4 |
|a 006.76
|2 23
|
| 100 |
1 |
|
|a Nelson, Brett.
|e author.
|4 aut
|4 http://id.loc.gov/vocabulary/relators/aut
|
| 245 |
1 |
0 |
|a Getting to Know Vue.js
|h [electronic resource] :
|b Learn to Build Single Page Applications in Vue from Scratch /
|c by Brett Nelson.
|
| 250 |
|
|
|a 1st ed. 2018.
|
| 264 |
|
1 |
|a Berkeley, CA :
|b Apress :
|b Imprint: Apress,
|c 2018.
|
| 300 |
|
|
|a XIII, 265 p. 122 illus.
|b online resource.
|
| 336 |
|
|
|a text
|b txt
|2 rdacontent
|
| 337 |
|
|
|a computer
|b c
|2 rdamedia
|
| 338 |
|
|
|a online resource
|b cr
|2 rdacarrier
|
| 347 |
|
|
|a text file
|b PDF
|2 rda
|
| 505 |
0 |
|
|a 1. Why Vue.js? -- 2. The Basics -- 3. Conditional Rendering -- 4. Computer Properties and Watchers -- 5. Events -- 6. Bindings -- 7. State Management -- 8. Using Components -- 9. Reusable Code -- 10. Custom Functionality -- 11. Tooling -- 12. Using Routers.
|
| 520 |
|
|
|a Learn how to render lists of items without repeating your code structure and how to work with conditional rendering items and event handling. Containing all you need to know to get started with Vue.js, this book will take you through using build tools (transpile to ES5), creating custom components, state management, and routers. With Getting to Know Vue.js, you'll see how to combine reusable code with custom components, allowing you to create snippets of reusable code to suit your specific business needs. You'll also explore how to use Single File Components and the Vue.js Command Line Interface (CLI) to build components in a single file and add in build tools as you see fit. Getting started with a new Single Page Application (SPA) JavaScript framework can be an overwhelming task, but Vue.js makes this daunting task simple and easy to learn, allowing you to start implementing business needs with just a script reference to the library and the custom JavaScript required for your use case. Starting with a little reference and a handful of lines of custom JavaScript, you will have a complete Single Page Application before you know it.
|
| 650 |
|
0 |
|a Computer programming.
|
| 650 |
1 |
4 |
|a Web Development.
|0 http://scigraph.springernature.com/things/product-market-codes/I29050
|
| 710 |
2 |
|
|a SpringerLink (Online service)
|
| 773 |
0 |
|
|t Springer eBooks
|
| 776 |
0 |
8 |
|i Printed edition:
|z 9781484237809
|
| 776 |
0 |
8 |
|i Printed edition:
|z 9781484237823
|
| 776 |
0 |
8 |
|i Printed edition:
|z 9781484247389
|
| 856 |
4 |
0 |
|u https://doi.org/10.1007/978-1-4842-3781-6
|z Full Text via HEAL-Link
|
| 912 |
|
|
|a ZDB-2-CWD
|
| 950 |
|
|
|a Professional and Applied Computing (Springer-12059)
|